| 000 | 00695nam a2200241Ia 4500 | ||
|---|---|---|---|
| 003 | OSt | ||
| 005 | 20220926013717.0 | ||
| 006 | a|||||r|||| 00| 0 | ||
| 007 | ta | ||
| 008 | 220923b |||||||| |||| 00| 0 eng d | ||
| 037 | _cGeneral Book | ||
| 040 |
_aRTL _cRTL _beng |
||
| 041 |
_2eng _aeng |
||
| 082 | _aY:3(NR), L3 | ||
| 100 |
_aHonigsheim Paul _9317106 |
||
| 245 | 0 |
_aMusic and society _b The later writings. Ed by Peter |
|
| 260 |
_aNew York _bJohn Wiley & Sons _c1973 |
||
| 300 |
_axix, 327p _ccm. |
||
| 500 | _aBibliography P 233-320 | ||
| 650 |
_aFine Arts Society _9249275 |
||
| 942 |
_hY:3(NR), L3 _cGB _2CC |
||
| 999 |
_c626685 _d626685 |
||